| 000 | 00565nam a2200193 a 4500 | ||
|---|---|---|---|
| 005 | 20140310183342.0 | ||
| 008 | 061220s19uu xx 00 eng d | ||
| 020 | _a9991548394 | ||
| 050 |
_aNC 730 _b.G181 2004 |
||
| 100 | _aGalton, Jeremy | ||
| 245 |
_aArtists' questions answered drawing. _cJeremy Galton |
||
| 260 |
_aLaguna Hills, California : _bQuintet Publishing Limited, _c2004. |
||
| 300 |
_a144 p. : _bill. col. ; _c28 cm. |
||
| 521 | _aMA | ||
| 650 |
_aDrawing _xTechnique. |
||
| 650 | _aDrawing materials. | ||
| 942 |
_cBK _2lcc _kFOR |
||
| 999 |
_c21839 _d21839 |
||